| 000 | 00496nam a2200169 i 4500 | ||
|---|---|---|---|
| 001 | 34935 | ||
| 003 | ES-MaACL | ||
| 005 | 20250828063240.0 | ||
| 007 | t| | ||
| 008 | 030211s1962 sp ||||1| spa d | ||
| 100 | 1 |
_aBorrajo Dacruz, Efrén, _d1928-2022 _930547 |
|
| 245 | 1 | 0 |
_aEstudios jurídicos de previsión social / _cEfrén Borrajo Dacruz. |
| 260 |
_aMadrid : _bAguilar, _c[1962] |
||
| 300 |
_a217 p. ; _c23 cm. |
||
| 852 |
_aES-MaACL _jF-6224 _bR.51269 |
||
| 999 |
_c34935 _d34935 |
||